00648nam a2200157Ia 4500008004100000082001600041100002000057245005700077250000800134260002100142650001200163942001200175952014400187952014400331999001500475150201s2014 xx 000 0 und d a610.73bC-N aNANDAN, LAVANYA aCUMLATIVE RECORD FOR GEN. NURSING & MIDWIFERY COURSE a1ST bA.P. JAINaDELHI aNURSING 2ddccBK 00102ddc40708NURSINGaFMbFMcTXTd2014-07-06eABC DELHIg75.00iSGTUl0o610.73 C-NpFN1933r2018-04-09 00:00:00w2014-07-06yBKk4669 00102ddc40708NURSINGaFMbFMcTXTd2014-07-06eABC DELHIg75.00iSGTUl0o610.73 C-NpFN1934r2015-02-09 00:00:00w2014-07-06yBKk4669 c2344d2344